Kvantifikácia menového seignorage diplomová práca

Enregistré dans:
Détails bibliographiques
Auteur principal: Martinec, Radoslav
Collectivité auteur: Fakulta hospodárskej informatiky EU. Katedra operačného výskumu a ekonometrie
Autres auteurs: Ivaničová, Zlatica
Format: Livre
Langue:slovaque
Publié: Bratislava 2010
Tags: Ajouter un tag
Pas de tags, Soyez le premier à ajouter un tag!

MARC

LEADER 00000nam a2200000 4500
001 0118761
005 20240318122513.8
041 0 |a slo 
044 |a SK 
245 1 0 |a Kvantifikácia menového seignorage  |b diplomová práca  |c Radoslav Martinec ; škol. Zlatica Ivaničová 
264 1 |a Bratislava  |c 2010 
300 |a 54 s. 
100 1 |a Martinec, Radoslav 
700 1 |a Ivaničová, Zlatica 
710 2 |a Fakulta hospodárskej informatiky EU. Katedra operačného výskumu a ekonometrie